Statistiken für Erraten Sie die Sprache

Klicken Sie hier um das Quiz zu spielen!

Allgemein

  • Dieses Quiz wurde 30.778 mal gespielt
  • Das Durchschnittsergebnis liegt bei 15 aus 24

Antwortstatistiken

Sprachen% Korrekt
Deutsch
100%
Englisch
100%
Französisch
98%
Spanisch
95%
Niederländisch
94%
Russisch
92%
Arabisch
91%
Chinesisch
91%
Türkisch
85%
Italienisch
78%
Schwedisch
78%
Japanisch
75%
Polnisch
72%
Koreanisch
66%
Portugiesisch
56%
Griechisch
53%
Hebräisch
42%
Thailändisch
36%
Vietnamesisch
36%
Hindi
31%
Persisch
21%
Albanisch
13%
Malaiisch
9%
Swahili
6%

Verteilung der Resultate

Perzentil nach korrekt beantworteten Fragen

Anzahl Personen mit jedem Resultat

Ihre Resultats-Entwicklung

Sie haben dieses Quiz noch nicht gespielt